Olivia Rodrigo - Paroles deja vu - Statistiques

Statistiques générales
  • Ce quiz a été pris 848 fois
  • Le résultat moyen est 247 sur 307
Statistiques - réponses
Hint Réponse % Correct
I
98%
(I
98%
you
97%
you?
97%
you)
97%
A
96%
(Ah),
96%
(Ha-ha-ha-ha,
96%
ha-ha-ha-ha,
96%
ha-ha-ha-ha)
96%
hmm
96%
huh?
96%
to
95%
To
95%
Oh
94%
(oh,
94%
oh)
94%
(oh)
94%
(ooh)
94%
déjà
93%
Do
93%
do
93%
ice
93%
vu
93%
vu?
93%
vu,
93%
cream
92%
Strawberry
92%
get
91%
She
91%
she
91%
on
90%
when
90%
her
89%
Malibu
89%
for
88%
One
87%
one
87%
with
87%
2
86%
so
86%
Refrain So
86%
tell
86%
That
86%
that,
86%
that
86%
we
86%
We
86%
it
85%
she's
85%
in
84%
In
84%
did
83%
the
83%
think
83%
too?
83%
too
83%
be
82%
But
82%
but
82%
Couplet 1 Car
82%
gonna
81%
all
80%
And
80%
and
80%
it's
80%
special
80%
spoon
80%
thinks
78%
was
78%
know
77%
your
77%
Singing
75%
singing
75%
bet
74%
Billy
73%
how
73%
How
73%
rides
73%
say
73%
'Cause
72%
love
72%
Play
71%
reused
71%
reused)
71%
call
70%
looks
70%
my
70%
unique,
70%
about
69%
is
69%
jackets
69%
name?
69%
same
68%
you're
68%
You're
68%
act
67%
friends,
66%
harmony
66%
just
66%
Now
66%
now
66%
now,
66%
of
66%
small
66%
Watching
66%
between
65%
honest
65%
Joel
65%
Girl"
64%
girl
64%
knows
64%
Laughing
64%
like
64%
place,
64%
song
64%
first
63%
jokes
63%
let's
63%
played
63%
Played
63%
talked
63%
type
63%
chorus
62%
Glee
62%
trading
62%
hate
61%
our
61%
together
61%
used
61%
who
61%
actress
60%
annoying
60%
doesn't
60%
found
60%
show
60%
sound
60%
Being
59%
piano,
59%
even
58%
saying
58%
verse
58%
Another
57%
kinda
57%
"Uptown
57%
'bout
56%
Don't
56%
everything
56%
made
56%
(Yeah,
54%
Almost
50%
didn't
50%
new
50%
hmm
49%
nothing
49%
bragging
47%
shit,
47%
reruns
46%
taught
46%
different
45%
there's
45%
I'll
34%
Aucun quiz correspondant
Distribution des résultats
% des personnes avec chaque résultat
Percentile par nombre de réponses
Votre historique - résultats
Vous n’avez pas pris ce quiz